The solar system : out of this world with science activities for kids

Bibliographic Details
Main Author: Lopez, Delano
Format: Book
Published: Canada : Nomad Press , 2019
Subjects:

MARC

LEADER 00000cam a2200000 7i4500
001 0000242580
005 20201201104552.0
020 |a 9781619307971 
090 0 0 |a 523.2   |b LOP 
100 1 |a Lopez, Delano 
245 1 4 |a The solar system :   |b out of this world with science activities for kids   |c Delano Lopez 
260 |a Canada :   |b Nomad Press ,   |c 2019 
300 |a 120p. :   |b ill ;   |c 25am. 
650 0 |a Science projects   |x Juvenile literature 
650 0 |a Solar system   |v Experiments   |v Juvenile literature 
999 |a 00380829   |b BUKU   |c JUNIOR BOOKS   |e PERPUSTAKAAN KOMUNITI PETALING JAYA